| 000 | 00609nam a2200217 a 4500 | ||
|---|---|---|---|
| 003 | MX-MxUPN | ||
| 005 | 20220527154324.0 | ||
| 008 | 991125s1953 mx 000 0 spa u | ||
| 035 | _aUPN01000026467 | ||
| 040 |
_aMX-MxUPN _bspa _cMX-MxUPN |
||
| 041 | 0 | _aspa | |
| 049 | _aLT | ||
| 050 | 4 |
_aLB1641 M6 _bS2.3 |
|
| 100 | 1 | _aSapiña, Juan | |
| 245 | 1 | 4 |
_aLos grandes capitanes de la historia / _cpor Juan Sapiña. |
| 260 |
_aMéxico : _bPatria, _c1953. |
||
| 300 | _a110 p. | ||
| 440 | 0 |
_aCultura para todos ; _v22 |
|
| 650 | 4 |
_aHistoria universal _xEstudio y enseñanza (Secundaria) _944601 |
|
| 905 | _aLibro | ||
| 999 |
_c26467 _d26467 |
||